000 00523nam a2200205Ia 4500
003 GCL
008 140319s9999 xx 000 0 eng d
040 _aGCL /
_cGCL
082 0 4 _a004.67
_bB W
100 1 _aBLOOMBERG, JASON
245 1 0 _aWEB PAGE: SCRIPTING TECHNIQUES /
_cBLOOMBERG, JASON
700 1 _aKAWSKI, JEFF
700 1 _aTREFFERS, PAUL
260 _a[S.N] :
_bLYN BLAKE ،
_c1996
300 _a510 P
650 0 4 _aشعر الحرب
650 0 4 _aWORLD WIDE WEB
650 0 4 _aINTERNET
942 _2ddc
_cBK
999 _c14181
_d14181